000 00381nam a22001577a 4500
005 20231024141459.0
008 231016b |||||||| |||| 00| 0 eng d
020 _a0750626135
082 _a658.802
_bCIM
245 _aThe CIM Handbook of Strategic Marketing
260 _bElsevier
_c1998
_aUK
300 _a289
500 _aInclude Index
650 _aManagement
999 _c33924
_d33924